000 00497nam a2200193Ia 4500
005 20250923144401.0
008 008 250917s9999 xx 000 0 eng d
037 _aReports
040 _aDSWL
_beng
_cDSWL
041 _aeng
_2eng
084 _aY12:3:7, H5
_qDSWL
245 0 _aInfluence of home and community on children
260 _aParis
_bUN Educatin
300 _a53 p.
365 _aINR
_b2
925 _g2
942 _cREP
_hY12:3:7, H5
999 _c1438170
_d1438170